000 00334nam a22001217a 4500
999 _c4953
_d4953
008 250428b ||||| |||| 00| 0 eng d
020 _a9781910200537
082 _a590 BRO
100 _aBROWN,MARTIN
_eAUTHOR
245 _aLESSER SPOTTED ANIMALS
260 _a31 BEAUMONT STREET,OXFORD,OX1 2NP
_bDAVID FICKLING BOOKS
_c2016
942 _2ddc